00386 a2200121 4500001000900000005001700009008004100026245004700067100002800114700003200142773007300174999001700247ART_559320260410161828.0260409a 10aEl ciclo Inflacionario Argentino 1970-19881 aDabús, Carlos Darío1 aGutiérrez, Ricardo Raúl0 tEstudios Económicosg- Vol. 7, Nº 13/14 (ene./dic. 1989)wREV5080 c22921d22921